000 00514nam a2200169Ia 4500
005 20250508153625.0
008 008 250505s9999 xx 000 0 eng d
037 _aTextual
040 _aFEDL
_beng
_cFEDL
041 _aeng
_2eng
084 _a378.42, GRE
_qFEDL
245 0 _aHigher education in the United Kingdom: A handbook for students from overseas
260 _aLondon, UK
_bLongmans, Green and Co.
_c1954
300 _a168p.
942 _cTEXL
_h378.42, GRE
999 _c1344493
_d1344493